ბათუმის შოთა რუსთაველის სახელმწიფო უნივერსიტეტის ბიბლიოთეკა

სოციალური მუშაობის მეთოდები დაუცველ ჯგუფებთან : (ბიბ.ჩანაწერი № 59650)

000 -ლიდერი
ფიქსირებული სიგრძის საკონტროლო ველი 01619nam a22002657a 4500
003 - საკონტროლო ნომრის იდენტიფიკატორი
საკონტროლო ველი Ge_BSU
005 - ბოლო ოპერაციის თარიღი და დრო
საკონტროლო ველი 20230329111747.0
008 - ფიქსირებული სიგრძის მონაცემთა ელემენტები - ზოგადი ინფორმაცია
ფიქსირებული სიგრძის საკონტროლო ველი 230329s2011 ge ||||| |||| 00| 0 geo d
020 ## - წიგნის საერთაშორისო სტანდარტული ნომერი
International Standard Book Number 9789941040085
041 ## - ენის კოდი
Language code of text/sound track or separate title geo
080 ## - უნივერსალური ათობითი კლასიფიკაციის ინდექსი
Universal Decimal Classification number 364-43(479.22)(075.8) ს-74
245 ## - ცნობა სათაურის შესახებ
Title სოციალური მუშაობის მეთოდები დაუცველ ჯგუფებთან :
Remainder of title პრაქტ. სახელმძღვ. /
Statement of responsibility, etc [ავტ.: შორენა საძაგლიშვილი, ია შეყრილაძე, ნინო შატბერაშვილი [და სხვ.] ; საქ. სოციალ. მუშაკთა ასოციაცია].
264 ## - წარმოების, გამოცემის, დისტრიბუციის და სხვა ცნობები
გამოცემის, წარმოების, დისტრიბუციის... ადგილი [თბილისი],
გამოცემის, წარმოების, დისტრიბუციის... თარიღი 2011.
300 ## - ფიზიკური აღწერა
Extent 213 გვ. ;
Other physical details 24 სმ.
504 ## - BIBLIOGRAPHY, ETC. NOTE
Bibliography, etc ბიბლიოგრ. თავების ბოლოს.
653 ## - INDEX TERM--UNCONTROLLED
Uncontrolled term სოციალური მუშაობა.
653 ## - INDEX TERM--UNCONTROLLED
Uncontrolled term ოჯახური ურთიერთობები
700 ## - ADDED ENTRY--PERSONAL NAME
Personal name საძაგლიშვილი, შორენა
Relator term ავტორი
9 (RLIN) 17307
700 ## - ADDED ENTRY--PERSONAL NAME
Personal name შეყრილაძე, ია
Relator term ავტორი
9 (RLIN) 16497
700 ## - ADDED ENTRY--PERSONAL NAME
Personal name შატბერაშვილი, ნინო
Relator term ავტორი
9 (RLIN) 17309
700 ## - ADDED ENTRY--PERSONAL NAME
Personal name მგელიაშვილი, მაია
Relator term ავტორი
9 (RLIN) 17311
700 ## - ADDED ENTRY--PERSONAL NAME
Personal name ნამიჭეიშვილი, სალომე
Relator term ავტორი
9 (RLIN) 17313
710 ## - ADDED ENTRY--CORPORATE NAME
Corporate name or jurisdiction name as entry element საქ. სოციალ. მუშაკთა ასოციაცია.
9 (RLIN) 17314
942 ## - ADDED ENTRY ELEMENTS (KOHA)
Source of classification or shelving scheme
Koha item type წიგნი
ეგზემპლარები
ჩამოწერის სტატუსი დაკარგული ეგზემპლარის სტატუსი კლასიფიკაციის წყარო ან თაროზე გაწყობის სქემა დაზიანების სტატუსი არ გაიცემა მუდმივი მდებარეობა (დაცვის ადგილი) ამჟამინდელი ადგილსამყოფელი თაროზე განთავსების ადგილი შეძენის თარიღი ღირებულება, შესყიდვის ნორმალური ფასი სრული შენახვის შიფრი შტრიხკოდი ბოლო ოპერაციის თარიღი ეგზემპლარის მიმდევრობითი ნომერი (კეტერი?) ფასის ძალაში შესვლის თარიღი ეგზემპლარის სახეობა საჯარო შენიშვნა
          ბათუმის შოთა რუსთაველის სახელმწიფო უნივერსიტეტის მთავარი ბიბლიოთეკა ბათუმის შოთა რუსთაველის სახელმწიფო უნივერსიტეტის მთავარი ბიბლიოთეკა წიგნსაცავი 2023-03-29 10.00 364-43(479.22)(075.8) ს-74 64090 2023-03-29 64090 2023-03-29 წიგნი 10 ლ.